| 000 | 00393cam a2200145u 4500 | ||
|---|---|---|---|
| 082 |
_a355 _bAID _cD |
||
| 245 | 0 | 0 | _aAide mémoire to the military sciences. |
| 260 |
_aLondon, _bJ. Weale, _c1846-52. |
||
| 300 | _ap. cm. | ||
| 526 |
_a0 _b0 _c0 _d355_000000000000000_AID |
||
| 650 | 0 |
_aMCE _9379 |
|
| 650 | 0 |
_aMilitary art and science _937914 |
|
| 710 | 1 |
_aGreat Britain. _939715 |
|
| 942 |
_2ddc _cBK |
||
| 999 |
_c552050 _d552050 |
||